000 00548nam a2200217Ia 4500
003 OSt
005 20220928141723.0
006 a|||||r|||| 00| 0
007 ta
008 220927b |||||||| |||| 00| 0 eng d
024 _a17110
037 _cTextual
040 _aSDCL
_cSDCL
_beng
041 _2eng
_aeng
082 _aP15:3, L6
100 _aBorooah Anundoram
245 0 _aComprehensive grammar of the Sanskrit language.
260 _c1976
942 _hP15:3, L6
_cTEXL
_2CC
999 _c819433
_d819433